00492nam a2200157 i 4500001000300000100002300003245005900026260002100085040000800106041000800114942000700122008004100129999001700170856009800187952004900285bg1 aLIPIŃSKI, Edward 0aProblemy pytania wątpliwości /cEdward Lipiński. aWarszawa,c1981. cBPK apol cKS s pl f |000 0 pol  c20234d20234 uhttp://koha.tu.koszalin.pl/cgi-bin/koha/opac-detail.pl?biblionumber=20234yKatalog online BPK 00104070aBPKbBPKcwo28530p01659511yKS